| 000 | 01276nam a22002417a 4500 | ||
|---|---|---|---|
| 001 | 4031 | ||
| 003 | FISKH | ||
| 005 | 20240531153021.0 | ||
| 008 | 240531b cb ||||| |||| 00| 0 eng d | ||
| 020 | _a 9780761109488 | ||
| 040 |
_aFISKH _beng _cFISKH _dFISKH |
||
| 100 |
_aAttinello, Lauren _eauthor |
||
| 245 |
_aPeek-a-boo, Lizzy Lou ! : _b A Playtime Book and Muppet Puppet / _cby Lauren Attinello |
||
| 260 |
_aNew York : _bWorkman Publishing ; _c1997 |
||
| 300 |
_a14 unnumbered pages : _bcolor illustrations ; _c16 cm . |
||
| 505 | _aD | ||
| 520 | _aHere comes Lizzy Lou, a new Muppet puppet from Jim Henson Productions. With a 16-page, full-color board book, Peek-a-Boo, Lizzy Lou! is a bouncy tale for curious toddlers. From bedroom to dining room, Lizzy Lou finds her friends everywhere in delightful rhymes. With plush the color of lemon cream pie, a nest of bright green curls, and googly eyes with long lashes, Lizzy Lou is one adorable Muppet puppet, sized to fit an adult's hand. Suitable for ages 6 months and up. Illustrations by Lauren Attinello and puppet by Rollie Krewson. 65,000 copies in print. | ||
| 521 | 8 |
_a160
_bLexile estimate |
|
| 521 | 8 |
_aD
_bRaz-Plus |
|
| 650 |
_aMuppets _vFiction |
||
| 942 |
_2ddc _cBK _n0 |
||
| 999 |
_c4031 _d4031 |
||